| 000 | 01538nam0a2200373 4500 | ||
|---|---|---|---|
| 001 | RU\NLR\bibl\300809 | ||
| 005 | 20260405133253.0 | ||
| 010 |
_a5-93229-102-8 _bВ пер. _93000 |
||
| 021 |
_aRU _b2002-21157 _91063 |
||
| 035 | _a(NLR Aleph) 000296031 | ||
| 090 |
_a1733865 _c1733865 |
||
| 100 | _a20020828d2002 |||y0rusy50 ca | ||
| 101 | 0 | _arus | |
| 102 | _aRU | ||
| 105 | _aa ||||||||| | ||
| 200 | 1 |
_aВторое путешествие Одиссея, или 20 веков в поисках бессмертия, истины и любви _fОлег Суворов _g[Худож. А. Зобнинская] |
|
| 210 |
_aМ. _cАиФ-принт _d2002 |
||
| 215 |
_a317, [2] с. _cил. _d17 |
||
| 300 | _aЗагл. обл.: Второе путешествие Одиссея | ||
| 512 | 0 | _aВторое путешествие Одиссея | |
| 517 | 0 | _a20 веков в поисках бессмертия, истины и любви | |
| 606 | 0 |
_aЗарубежная литература _91219666 _3RU\NLR\auth\66177861 |
|
| 610 | 0 | _aГреческий эпос древний | |
| 675 |
_a821.09 _v3 _zrus |
||
| 686 |
_a83.3(0) _2rubbk |
||
| 686 | _aШ5(0)я44 | ||
| 700 | 1 |
_4070 _8rus _7ca _aСуворов _bО. В. _cписатель, канд. филос. наук _f1959- _gОлег Валентинович _3RU\NLR\AUTH\7753987 _936919 |
|
| 801 | 0 |
_aRU _bRKP _c20020828 _gPSBO |
|
| 801 | 1 |
_aRU _bRKP _c20020828 |
|
| 801 | 2 |
_aRU _bNLR _c20070705 _grcr |
|
| 942 | _cBOOK | ||
| 980 | _aNB | ||